000
00282nam a2200121Ia 4500
008
190723s9999 xx 000 0 und d
020
_a
978-0-857-08592-4
100
_a
Lucy Whittington
245
0
_a
Find your Thing
260
_a
Uk
_b
Capstone
_c
2015
300
_a
162.:p
942
_c
BK
999
_c
1673
_d
1673